[Event "4NCL Division 4 South"]
[Site "Telford, ENG ENG"]
[Date "2016.01.17"]
[Round "4.198"]
[White "Burgoyne, Peter A"]
[Black "Hung, Jake"]
[Result "0-1"]
[WhiteElo "1840"]
[BlackElo "1892"]
[PlyCount "108"]
[EventDate "2016.01.17"]
[WhiteTeam "Hackney 2"]
[BlackTeam "Barnet Knights 1"]

1. e4 c6 2. d4 d5 3. f3 dxe4 4. fxe4 Nd7 5. Nf3 Qc7 6. Bd3 e5 7. c3 Bd6 8. O-O
Ngf6 9. Bg5 O-O 10. Nbd2 h6 11. Bh4 Ng4 12. Qe2 exd4 13. cxd4 Bxh2+ 14. Kh1 Bg3
15. e5 Bxh4 16. Nxh4 Qd8 17. g3 Ndxe5 18. dxe5 Nxe5 19. Bc2 Re8 20. Rae1 Bh3
21. Ng2 Qd7 22. Nf3 Ng4 23. Qd3 Qxd3 24. Bxd3 Bxg2+ 25. Kxg2 Ne3+ 26. Rxe3 Rxe3
27. Rd1 Rae8 28. Bc4 b5 29. Bf1 R3e6 30. Rd7 R8e7 31. Rd8+ Re8 32. Rd7 R6e7 33.
Rd6 Rc8 34. Nd4 Rec7 35. Be2 Re8 36. Bf3 Kf8 37. Bxc6 Rb8 38. Bf3 g6 39. Ra6
Rd8 40. Nxb5 Rc2+ 41. Kh3 Rxb2 42. Nxa7 Rdd2 43. Nc6 h5 44. g4 Rh2+ 45. Kg3 h4+
46. Kf4 Rhf2 47. Ne5 h3 48. Nxg6+ fxg6 49. Rxg6 Rxa2 50. Rh6 h2 51. Kg3 Kg7 52.
g5 Rfc2 53. Rh3 Rc3 54. Kg4 Raa3 0-1

[Event "4NCL Division 4 South"]
[Site "Telford, ENG ENG"]
[Date "2016.01.17"]
[Round "4.199"]
[White "Willmoth, Harrison"]
[Black "Ignatyev, Alexander"]
[Result "1-0"]
[WhiteElo "1675"]
[BlackElo "1750"]
[PlyCount "164"]
[EventDate "2016.01.17"]
[WhiteTeam "Barnet Knights 1"]
[BlackTeam "Hackney 2"]

1. e4 c5 2. Nf3 d6 3. Bb5+ Bd7 4. Bxd7+ Nxd7 5. O-O Ngf6 6. Re1 g6 7. c3 Bg7 8.
d4 cxd4 9. cxd4 O-O 10. Nc3 Qb6 11. Rb1 Rac8 12. Bf4 Rfd8 13. h3 a6 14. Be3 Qc6
15. d5 Qc4 16. Nd2 Qc7 17. f4 Nc5 18. Qe2 Nfd7 19. g4 b5 20. Rec1 b4 21. Na4
Qa5 22. Nxc5 Nxc5 23. Bxc5 Rxc5 24. Rxc5 Qxc5+ 25. Kg2 Qc2 26. a3 b3 27. Qe3
Bxb2 28. Kf1 Bc3 29. Ke2 b2 30. Qd3 Qxd3+ 31. Kxd3 Bg7 32. Nc4 Rc8 33. h4 Rc5
34. a4 h6 35. Nxb2 Rc3+ 36. Kd2 Rb3 37. Kc2 Rb4 38. Nd3 Rxa4 39. Rb8+ Kh7 40.
Ra8 Rxe4 41. Rxa6 Rd4 42. Ra7 Rxd5 43. Rxe7 Kg8 44. Re8+ Bf8 45. Rd8 Kg7 46. g5
hxg5 47. hxg5 Rd4 48. Kc3 Ra4 49. Rd7 Re4 50. Kd2 Be7 51. Rb7 f6 52. gxf6+ Kxf6
53. Rb5 Ke6 54. Rb4 Rxb4 55. Nxb4 d5 56. Nd3 Kf5 57. Ke3 Bd6 58. Kd4 Ke6 59.
Ke3 Bc7 60. Kf3 d4 61. Ke4 Bb6 62. Ne5 Kd6 63. Nc4+ Kc6 64. Nxb6 Kc5 65. Nd7+
Kc4 66. Ne5+ Kc3 67. Nd3 Kc4 68. Nf2 Kc3 69. Ke5 d3 70. Ke4 d2 71. Ke3 Kc2 72.
Ke2 Kc3 73. Ne4+ Kd4 74. Nxd2 Kd5 75. Kf3 Ke6 76. Kg4 Kf6 77. Ne4+ Kf7 78. Kg5
Kg7 79. Nd6 Kh7 80. Ne8 Kh8 81. Kxg6 Kg8 82. Nc7 Kf8 1-0

[Event "4NCL Division 4 South"]
[Site "Telford, ENG ENG"]
[Date "2016.01.17"]
[Round "4.200"]
[White "Rivlin, Mark"]
[Black "Karia, Devin"]
[Result "1-0"]
[WhiteElo "1675"]
[BlackElo "1607"]
[PlyCount "107"]
[EventDate "2016.01.17"]
[WhiteTeam "Hackney 2"]
[BlackTeam "Barnet Knights 1"]

1. e4 e5 2. d4 Nc6 3. c3 Nf6 4. Bc4 Nxe4 5. Qb3 Qf6 6. Nf3 exd4 7. O-O Bc5 8.
Re1 Qf5 9. Nbd2 Na5 10. Qb5 Nxc4 11. Qxc4 Be7 12. Nxe4 d5 13. Qb5+ Qd7 14.
Qxd7+ Bxd7 15. Ng3 dxc3 16. bxc3 Be6 17. Ng5 Kd7 18. Nxe6 fxe6 19. Be3 Rhf8 20.
Rad1 b6 21. Re2 c5 22. Bc1 Rad8 23. Rde1 Bf6 24. Bd2 Rfe8 25. Nh5 e5 26. Nxf6+
gxf6 27. g3 Kc6 28. f3 c4 29. Kf2 Kc5 30. a4 Re7 31. Bc1 Rb7 32. Ba3+ Kc6 33.
h4 Rdd7 34. Rb2 a6 35. Rd1 b5 36. a5 d4 37. Rbd2 dxc3 38. Rd6+ Rxd6 39. Rxd6+
Kc7 40. Rxf6 Kc8 41. Rf8+ Kd7 42. Rf7+ Kc8 43. Rxb7 Kxb7 44. Ke2 Kc6 45. Bb4
Kd5 46. g4 Kd4 47. g5 c2 48. Kd2 c1=Q+ 49. Kxc1 c3 50. h5 e4 51. fxe4 Ke5 52.
Bxc3+ Ke6 53. Kd2 Kf7 54. Kd3 1-0

[Event "4NCL Division 4 South"]
[Site "Telford, ENG ENG"]
[Date "2016.01.17"]
[Round "4.205"]
[White "Cole, Graham"]
[Black "Truman, Richard G"]
[Result "0-1"]
[WhiteElo "1870"]
[BlackElo "1968"]
[PlyCount "108"]
[EventDate "2016.01.17"]
[WhiteTeam "Oxford 3"]
[BlackTeam "Ashfield-Breadsall 2"]

1. e4 c5 2. Nf3 e6 3. d4 cxd4 4. Nxd4 Nf6 5. Nc3 d6 6. Be3 a6 7. Qd2 Be7 8. f3
b5 9. O-O-O Bb7 10. g4 Nfd7 11. Kb1 Nb6 12. Bd3 N8d7 13. Qf2 Rc8 14. Nce2 Nc4
15. Bxc4 Rxc4 16. h4 Rc8 17. g5 Nc5 18. Rhg1 g6 19. h5 b4 20. Nc1 Na4 21. Ncb3
Qc7 22. Na1 d5 23. hxg6 hxg6 24. Rh1 Rf8 25. exd5 Bxd5 26. Rh2 Bd6 27. Rh3 Be5
28. f4 Bd6 29. Rh7 Nc5 30. Rh3 Ne4 31. Qe2 Qb7 32. Nab3 Bc4 33. Qe1 Qc7 34. Rh4
a5 35. f5 Bg3 36. Qh1 Bxh4 37. Qxe4 a4 38. Na1 Bg3 39. fxe6 Qe5 40. exf7+ Rxf7
41. Qg4 Rcc7 42. Bd2 Bf2 43. c3 Bd3+ 44. Nac2 Bxd4 45. Re1 Be3 46. Qh3 Bxc2+
47. Kxc2 Qe4+ 48. Kd1 Qb1+ 49. Ke2 Qxb2 50. Qe6+ Kd8 51. Qd5+ Rcd7 52. Qa5+ Kc8
53. Qa6+ Kc7 54. Qa5+ Bb6 0-1

[Event "4NCL Division 4 South"]
[Site "Telford, ENG ENG"]
[Date "2016.01.17"]
[Round "4.206"]
[White "Taylor, Robert P"]
[Black "Terry, Sean"]
[Result "1/2-1/2"]
[WhiteElo "1916"]
[BlackElo "1905"]
[PlyCount "130"]
[EventDate "2016.01.17"]
[WhiteTeam "Ashfield-Breadsall 2"]
[BlackTeam "Oxford 3"]

1. d4 Nf6 2. Bg5 e6 3. e3 c5 4. c3 cxd4 5. exd4 Be7 6. Bd3 Nd5 7. Bxe7 Qxe7 8.
Qf3 Nc6 9. Ne2 f5 10. Nd2 Nf6 11. O-O O-O 12. Nf4 g5 13. Nh5 d5 14. Nxf6+ Rxf6
15. Rfe1 Bd7 16. b4 Raf8 17. b5 Nd8 18. Qxd5 g4 19. Qc4 Rh6 20. d5 Qh4 21. Qf4
exd5 22. Nf1 Rb6 23. a4 Ne6 24. Qe5 Ng5 25. Qxd5+ Be6 26. Qd4 Nf7 27. Qf4 Qg5
28. Qxg5+ Nxg5 29. Ne3 Rd6 30. Be2 Rc8 31. Rac1 Ne4 32. c4 h5 33. f3 Nc5 34.
Nd5 Kf7 35. Nf4 Rh8 36. a5 b6 37. axb6 axb6 38. Rcd1 Rhd8 39. Rxd6 Rxd6 40.
Nxh5 Rd4 41. fxg4 fxg4 42. Rf1+ Ke7 43. Rf4 Nb3 44. Rxd4 Nxd4 45. Bd3 Kd6 46.
Kf2 Kc5 47. Nf6 Bxc4 48. Nd7+ Kb4 49. Bxc4 Kxc4 50. Nxb6+ Kxb5 51. Nd5 Nf5 52.
Nf6 g3+ 53. hxg3 Kc6 54. g4 Ng7 55. Kf3 Kd6 56. Ng8 Ke5 57. g3 Ne6 58. Ke3 Ng5
59. Nh6 Ne6 60. Nf5 Ng5 61. Nd4 Kf6 62. Ne2 Ke5 63. Nd4 Nh3 64. Nf3+ Kf6 65.
g5+ Nxg5 1/2-1/2

[Event "4NCL Division 4 South"]
[Site "Telford, ENG ENG"]
[Date "2016.01.17"]
[Round "4.207"]
[White "Idle, Oscar"]
[Black "Levens, David G"]
[Result "0-1"]
[WhiteElo "1765"]
[BlackElo "1934"]
[PlyCount "98"]
[EventDate "2016.01.17"]
[WhiteTeam "Oxford 3"]
[BlackTeam "Ashfield-Breadsall 2"]

1. d4 d5 2. Nf3 Nf6 3. c4 e6 4. g3 c6 5. Bg2 Bd6 6. Nc3 Nbd7 7. Nd2 O-O 8. e4
e5 9. dxe5 Nxe5 10. O-O dxc4 11. Kh1 Bc5 12. Qe2 b5 13. f4 Bg4 14. Nf3 Nd3 15.
h3 Bh5 16. e5 Re8 17. Qc2 Bg6 18. Qd2 Ne4 19. Nxe4 Bxe4 20. Kh2 Qb6 21. Ng5
Bxg2 22. Qxg2 h6 23. Ne4 Rad8 24. g4 Be3 25. Bxe3 Qxe3 26. Qf3 Qxf3 27. Rxf3
Nxb2 28. Nd6 Re6 29. Re3 Nd3 30. a4 Nxf4 31. axb5 cxb5 32. Rxa7 f6 33. Nf5 Rd2+
34. Kg3 fxe5 35. Rxg7+ Kf8 36. Re1 c3 37. Ra1 Rd3+ 38. Kf2 Nxh3+ 39. Kg2 Ng5
40. Ra8+ Re8 41. Raa7 Rd2+ 42. Kg3 Red8 43. Nxh6 R8d3+ 44. Kh4 Nf3+ 45. Kg3
Nd4+ 46. Kh4 Rh2+ 47. Kg5 Ne6+ 48. Kg6 Nxg7 49. Rxg7 Rd6+ 0-1

[Event "4NCL Division 4 South"]
[Site "Telford, ENG ENG"]
[Date "2016.01.17"]
[Round "4.208"]
[White "Hill, Maurice J"]
[Black "Henbest, Kevin B"]
[Result "1-0"]
[WhiteElo "1832"]
[BlackElo "1658"]
[PlyCount "55"]
[EventDate "2016.01.17"]
[WhiteTeam "Ashfield-Breadsall 2"]
[BlackTeam "Oxford 3"]

1. g3 Nf6 2. Nf3 g6 3. Bg2 Bg7 4. O-O O-O 5. c4 d6 6. Nc3 Nbd7 7. d3 e5 8. Rb1
a6 9. Qc2 Rb8 10. b4 b5 11. Bd2 c5 12. cxb5 axb5 13. bxc5 b4 14. Na4 dxc5 15.
Nxc5 Nxc5 16. Qxc5 e4 17. Ne5 Nd7 18. Nxd7 Qxd7 19. Bxe4 Rb5 20. Qc6 Rh5 21.
Qxd7 Bxd7 22. Bxb4 Re8 23. Bf3 Rg5 24. Rfc1 h5 25. h4 Rb5 26. a3 Bf6 27. Rc7
Be6 28. Bc6 1-0

[Event "4NCL Division 4 South"]
[Site "Telford, ENG ENG"]
[Date "2016.01.17"]
[Round "4.209"]
[White "Bentham, Sam"]
[Black "Flynn, David"]
[Result "1/2-1/2"]
[WhiteElo "1646"]
[BlackElo "1863"]
[PlyCount "81"]
[EventDate "2016.01.17"]
[WhiteTeam "Oxford 3"]
[BlackTeam "Ashfield-Breadsall 2"]

1. c4 Nf6 2. g3 g6 3. Bg2 Bg7 4. Nc3 O-O 5. d3 d6 6. e4 c5 7. Nge2 Nc6 8. O-O
Bg4 9. h3 Bd7 10. Be3 Rb8 11. Qd2 Re8 12. f4 Qc8 13. g4 h5 14. g5 Nh7 15. Kh2
a6 16. Rf2 Nd4 17. Raf1 e6 18. e5 dxe5 19. fxe5 Bxe5+ 20. Bf4 Qc7 21. Nxd4 cxd4
22. Ne4 Rf8 23. Kg1 Bxf4 24. Rxf4 e5 25. R4f2 Bc6 26. Nf6+ Nxf6 27. Bxc6 Qxc6
28. Rxf6 Qd7 29. Qh2 Rbe8 30. Re1 Qc7 31. Re4 Re7 32. Rf1 Qd6 33. Rfe1 Rfe8 34.
Qf2 Re6 35. Rf1 R8e7 36. Qe2 Kg7 37. Re1 Re8 38. Kg2 Qc6 39. Kh2 Qc5 40. a3 Kg8
41. b4 1/2-1/2

[Event "4NCL Division 4 South"]
[Site "Telford, ENG ENG"]
[Date "2016.01.17"]
[Round "4.210"]
[White "Graham, Neil"]
[Black "Tselos, Aristotelis"]
[Result "1/2-1/2"]
[WhiteElo "1825"]
[BlackElo "1373"]
[PlyCount "49"]
[EventDate "2016.01.17"]
[WhiteTeam "Ashfield-Breadsall 2"]
[BlackTeam "Oxford 3"]

1. d4 d5 2. e4 dxe4 3. Nc3 Nf6 4. f3 exf3 5. Nxf3 Bf5 6. Bc4 e6 7. O-O Be7 8.
Ne5 Bxc2 9. Nxf7 Kxf7 10. Bxe6+ Kxe6 11. Qxc2 Kf7 12. Qb3+ Kf8 13. Qxb7 Nbd7
14. Nd5 Rb8 15. Qxa7 c6 16. Nxe7 Qxe7 17. b3 Kf7 18. Ba3 Qd8 19. Qa6 Ra8 20.
Qc4+ Kg6 21. Rf3 h5 22. Qd3+ Kf7 23. Qc4+ Kg6 24. Qd3+ Kf7 25. Qc4+ 1/2-1/2

[Event "4NCL Division 4 South"]
[Site "Telford, ENG ENG"]
[Date "2016.01.17"]
[Round "4.35"]
[White "Mehmood, Athar"]
[Black "Woolgar, Steven G"]
[Result "1-0"]
[WhiteElo "1675"]
[BlackElo "1787"]
[PlyCount "61"]
[EventDate "2016.01.17"]
[WhiteTeam "Shropshire 3"]
[BlackTeam "Throw in the Tal 2"]

1. e4 c5 2. Nf3 d6 3. Nc3 Nc6 4. Be2 g6 5. O-O Bg7 6. d3 Nf6 7. Bd2 O-O 8. Nd5
e6 9. Nxf6+ Qxf6 10. Rb1 e5 11. h3 a5 12. Bg5 Qe6 13. Nd2 b5 14. c4 bxc4 15.
Nxc4 f6 16. Bg4 Qe7 17. Nb6 Bxg4 18. Qxg4 h5 19. Qd1 Rab8 20. Nd5 Qf7 21. Bd2
Nb4 22. Bxb4 cxb4 23. Qa4 Qa7 24. Rbc1 Qd4 25. Ne7+ Kh7 26. Nc6 Qxd3 27. Nxb8
Rxb8 28. Rc7 Qxe4 29. Qxa5 d5 30. Rxg7+ Kxg7 31. Qc7+ 1-0

[Event "4NCL Division 4 South"]
[Site "Telford, ENG ENG"]
[Date "2016.01.17"]
[Round "4.38"]
[White "Jones, Howard"]
[Black "Paul, Christopher"]
[Result "1-0"]
[WhiteElo "1615"]
[BlackElo "1600"]
[PlyCount "97"]
[EventDate "2016.01.17"]
[WhiteTeam "Throw in the Tal 2"]
[BlackTeam "Shropshire 3"]

1. Nf3 Nf6 2. g3 d5 3. Bg2 Bf5 4. d3 Nc6 5. O-O e6 6. Nh4 Bg6 7. Nxg6 hxg6 8.
Nd2 Bd6 9. e4 dxe4 10. dxe4 e5 11. Re1 Qd7 12. c3 Bc5 13. Nf1 O-O-O 14. Qxd7+
Rxd7 15. Be3 Bxe3 16. Rxe3 Kb8 17. Bf3 Rhd8 18. Ree1 Rd6 19. Rac1 Nh7 20. Bg2
Ng5 21. h4 Ne6 22. Bf3 Rd3 23. Be2 R3d6 24. Red1 Rxd1 25. Rxd1 Rxd1 26. Bxd1
Nc5 27. Bc2 Ne7 28. Ne3 c6 29. b4 Ne6 30. Bb3 Kc7 31. Bxe6 fxe6 32. Nc4 a6 33.
Kg2 b5 34. Nxe5 Kd6 35. Nf7+ Kc7 36. Kf3 Nc8 37. Ne5 Nd6 38. Ke3 a5 39. Kd4 Kb6
40. bxa5+ Kxa5 41. Nxc6+ Ka4 42. Nb4 Nc4 43. Nc2 Ka5 44. Ne3 Nd2 45. Kd3 Nf3
46. Nc2 Kb6 47. Nd4 Ne5+ 48. Ke2 Kc5 49. f4 1-0

[Event "4NCL Division 4 South"]
[Site "Telford, ENG ENG"]
[Date "2016.01.17"]
[Round "4.41"]
[White "Szwajkun, Steve"]
[Black "Harris, John"]
[Result "0-1"]
[WhiteElo "1540"]
[BlackElo "1645"]
[PlyCount "66"]
[EventDate "2016.01.17"]
[WhiteTeam "Shropshire 3"]
[BlackTeam "Throw in the Tal 2"]

1. Nf3 Nf6 2. d3 g6 3. g3 Bg7 4. Bg2 O-O 5. O-O d6 6. e4 Nbd7 7. Nbd2 c5 8. Rb1
b5 9. c4 bxc4 10. Nxc4 Nb6 11. Qc2 Nxc4 12. Qxc4 Be6 13. Qa4 Qc7 14. Bd2 Nd7
15. a3 Rfb8 16. Qc2 Bb3 17. Qc1 Rb5 18. Bc3 Nf6 19. Nd2 Rab8 20. Nxb3 Rxb3 21.
Qc2 Qd7 22. h3 Qa4 23. Ra1 Qa6 24. f4 Nh5 25. Bxg7 Kxg7 26. Rf3 Rxb2 27. Qc3+
Nf6 28. e5 Nd5 29. exd6+ Nxc3 30. dxe7 Qe6 31. f5 gxf5 32. Kh2 Nb1 33. h4 Qe2
0-1

[Event "4NCL Division 4 South"]
[Site "Telford, ENG ENG"]
[Date "2016.01.17"]
[Round "4.33"]
[White "Hendy, Jerry"]
[Black "Guha, Chirag"]
[Result "1/2-1/2"]
[WhiteElo "1840"]
[BlackElo "1855"]
[PlyCount "103"]
[EventDate "2016.01.17"]
[WhiteTeam "Throw in the Tal 2"]
[BlackTeam "Midland Monarchs 2"]

1. e4 e5 2. f4 d5 3. exd5 c6 4. d4 exd4 5. Qxd4 Nf6 6. Nf3 cxd5 7. Bb5+ Bd7 8.
Bxd7+ Nbxd7 9. b4 Qe7+ 10. Kd1 Qxb4 11. Re1+ Kd8 12. Ba3 Qxd4+ 13. Nxd4 Bxa3
14. Nxa3 Ne4 15. c4 Nef6 16. Nf5 dxc4 17. Nxc4 Nd5 18. Ncd6 Rf8 19. Nxb7+ Kc7
20. Nbd6 g6 21. Rc1+ Kb6 22. Nd4 N7f6 23. Rc6+ Ka5 24. Nc4+ Ka4 25. Kd2 Rfc8
26. Ra6+ Kb4 27. Nb2 Kc5 28. Nb3+ Kb5 29. Ra5+ Kb6 30. Na4+ Kb7 31. Nac5+ Kc7
32. Nd4 Rd8 33. Ne4 Nxe4+ 34. Rxe4 Nf6 35. Rc5+ Kd7 36. Ree5 Re8 37. Rxe8 Nxe8
38. Kd3 Nc7 39. Kc4 Re8 40. g3 Re1 41. Kd3 Rd1+ 42. Ke3 Kd6 43. Rc6+ Kd7 44.
Rc5 Ra1 45. Rc2 Nd5+ 46. Ke4 Nb4 47. Rb2 a5 48. Nb3 f5+ 49. Kf3 Rxa2 50. Rxa2
Nxa2 51. Nxa5 Nc3 52. Nc4 1/2-1/2

[Event "4NCL Division 4 South"]
[Site "Telford, ENG ENG"]
[Date "2016.01.17"]
[Round "4.36"]
[White "Holton, Jake"]
[Black "McCann, John"]
[Result "1/2-1/2"]
[WhiteElo "1795"]
[BlackElo "1777"]
[PlyCount "102"]
[EventDate "2016.01.17"]
[WhiteTeam "Midland Monarchs 2"]
[BlackTeam "Throw in the Tal 2"]

1. d4 d5 2. c4 e5 3. dxe5 d4 4. a3 Nc6 5. Nf3 Be6 6. e3 dxe3 7. Qxd8+ Rxd8 8.
Bxe3 Nge7 9. Nbd2 Nf5 10. Bg5 Be7 11. Bxe7 Kxe7 12. O-O-O Nfd4 13. Nxd4 Rxd4
14. Nf3 Rxd1+ 15. Kxd1 Rd8+ 16. Kc1 Bf5 17. Be2 g5 18. Re1 Nd4 19. Nxd4 Rxd4
20. Bf1 Be6 21. b3 a6 22. Re3 c6 23. c5 a5 24. f3 g4 25. Be2 h5 26. Kb2 Bf5 27.
Kc3 Rd5 28. b4 axb4+ 29. axb4 Rd8 30. f4 Ra8 31. Kb3 Be6+ 32. Bc4 Ra1 33. Bxe6
Kxe6 34. g3 Rd1 35. Kc2 Rh1 36. Re2 Ra1 37. Rd2 Rf1 38. Kd3 Kf5 39. Kd4 h4 40.
Re2 Rf3 41. gxh4 Rxf4+ 42. Kc3 Rf3+ 43. Kd4 Rh3 44. Rf2+ Kg6 45. Rf6+ Kg7 46.
Rf4 Rxh4 47. e6 fxe6 48. Ke5 Rxh2 49. Rxg4+ Kf7 50. Kd6 Rh7 51. Rf4+ Ke8
1/2-1/2

[Event "4NCL Division 4 South"]
[Site "Telford, ENG ENG"]
[Date "2016.01.17"]
[Round "4.39"]
[White "Weaver, Simon"]
[Black "Green, Emily"]
[Result "0-1"]
[WhiteElo "1601"]
[BlackElo "1765"]
[PlyCount "104"]
[EventDate "2016.01.17"]
[WhiteTeam "Throw in the Tal 2"]
[BlackTeam "Midland Monarchs 2"]

1. e4 e5 2. Nf3 Nc6 3. Bc4 Bc5 4. c3 Nf6 5. d4 exd4 6. cxd4 Bb4+ 7. Bd2 Bxd2+
8. Nbxd2 d5 9. exd5 Nxd5 10. O-O O-O 11. Qb3 Nb6 12. d5 Na5 13. Qb5 Naxc4 14.
Nxc4 Qxd5 15. Qxd5 Nxd5 16. Rfe1 Bg4 17. Nfe5 Be6 18. Nd3 Nf6 19. Rac1 b6 20.
Nf4 Bxc4 21. Rxc4 c5 22. Rc3 Rfe8 23. Rce3 Rad8 24. Rxe8+ Nxe8 25. g3 Kf8 26.
Re2 Nf6 27. Kg2 Rd4 28. h4 Nd5 29. Nh3 h6 30. Ng1 Nb4 31. Nf3 Rd6 32. a3 Nc6
33. Re3 b5 34. Ne5 a6 35. Nxc6 Rxc6 36. Kf3 Re6 37. b3 Rxe3+ 38. Kxe3 Ke7 39.
Ke4 Ke6 40. f4 {(=)} f5+ 41. Kd3 Kd5 42. Kc3 a5 43. Kd3 c4+ 44. bxc4+ bxc4+ 45.
Kc3 Kc5 46. a4 g6 47. Kd2 Kd4 48. Kc2 c3 49. Kc1 Kd3 50. h5 gxh5 51. Kd1 Kc4
52. Kc2 Kb4 0-1

[Event "4NCL Division 4 South"]
[Site "Telford, ENG ENG"]
[Date "2016.01.17"]
[Round "4.34"]
[White "Nefyodov, Pavel"]
[Black "Szwajkun, Richard"]
[Result "1-0"]
[WhiteElo "1907"]
[BlackElo "1765"]
[PlyCount "85"]
[EventDate "2016.01.17"]
[WhiteTeam "Midland Monarchs 2"]
[BlackTeam "Shropshire 3"]

1. e4 d5 2. exd5 Qxd5 3. Nf3 Bg4 4. Be2 c6 5. d4 Nf6 6. h3 Bxf3 7. Bxf3 Qa5+ 8.
c3 Nbd7 9. Qb3 Qb6 10. Nd2 e6 11. Nc4 Qc7 12. g3 Nd5 13. O-O Be7 14. a4 O-O 15.
Re1 Rfe8 16. Qc2 Rad8 17. b4 b6 18. a5 b5 19. Ne3 Rc8 20. Be4 N7f6 21. Bd3 a6
22. Bd2 Bd6 23. Kg2 g6 24. f4 Nh5 25. Ng4 Kg7 26. Ne5 Nhf6 27. Re2 Nd7 28. Rf1
Nf8 29. Ref2 f6 30. Ng4 Nd7 31. Rf3 f5 32. Ne5 N7f6 33. Be1 Nh5 {(=)} 34. Qe2
Nhf6 35. Bd2 h6 36. R3f2 Qe7 37. g4 fxg4 38. Nxg6 gxh3+ 39. Kxh3 Qd7 40. Ne5
Bxe5 41. fxe5 Ng8 42. Qg4+ Kh8 43. Rf7 1-0

[Event "4NCL Division 4 South"]
[Site "Telford, ENG ENG"]
[Date "2016.01.17"]
[Round "4.37"]
[White "Ross, Stuart"]
[Black "Hafstad, Leif"]
[Result "1-0"]
[WhiteElo "1652"]
[BlackElo "1675"]
[PlyCount "93"]
[EventDate "2016.01.17"]
[WhiteTeam "Shropshire 3"]
[BlackTeam "Midland Monarchs 2"]

1. e4 e6 2. d4 d5 3. Nd2 Nf6 4. e5 Nfd7 5. Bd3 c5 6. c3 Nc6 7. Ne2 Qb6 8. Nf3
Be7 9. O-O f6 10. exf6 Bxf6 11. dxc5 Nxc5 12. Be3 d4 13. cxd4 Nxd3 14. Qxd3 Nb4
15. Qb3 Nd5 16. Qxb6 Nxb6 17. Rac1 Nd5 18. Bd2 Bd7 19. Nf4 O-O 20. Rfe1 Rfe8
21. Nxd5 exd5 22. Ne5 Bxe5 23. Rxe5 Rxe5 24. dxe5 Rc8 25. Rxc8+ Bxc8 26. Be3 a6
27. Bb6 Kf7 28. f4 Kg6 29. Kf2 Kf5 30. Kf3 h5 31. h3 Kg6 32. g4 hxg4+ 33. hxg4
Kf7 34. f5 Ke7 35. Kf4 Bd7 36. e6 Be8 37. Ke5 Kf8 38. Kxd5 Bc6+ 39. Ke5 Bf3 40.
g5 Bh5 41. f6 gxf6+ 42. gxf6 Bg6 43. Bc5+ Ke8 44. f7+ Bxf7 45. exf7+ Kxf7 46.
Kd6 Ke8 47. Bb6 1-0

[Event "4NCL Division 4 South"]
[Site "Telford, ENG ENG"]
[Date "2016.01.17"]
[Round "4.40"]
[White "Wiltshir, Richard"]
[Black "Peck, Windsor W A"]
[Result "1-0"]
[WhiteElo "1735"]
[BlackElo "1547"]
[PlyCount "107"]
[EventDate "2016.01.17"]
[WhiteTeam "Midland Monarchs 2"]
[BlackTeam "Shropshire 3"]

1. d4 d5 2. Nf3 Nf6 3. g3 b6 4. Bg2 Bb7 5. O-O e6 6. Re1 c5 7. c3 Nbd7 8. Qa4
Be7 9. Ne5 O-O 10. Nc6 Bxc6 11. Qxc6 Rc8 12. Qa4 Rc7 13. Na3 Nb8 14. Nb5 Qd7
15. b3 Rb7 16. dxc5 bxc5 17. c4 a6 18. Nc3 Rd8 19. Bf4 Qc6 20. Rac1 Qb6 21.
Red1 h6 22. cxd5 exd5 23. Nxd5 Nxd5 24. Rxd5 Rxd5 25. Qe8+ Bf8 26. Bxd5 Qb5 27.
Bxf7+ Rxf7 28. Qxb5 axb5 29. Bxb8 Rb7 30. Bf4 Ra7 31. Rc2 Kf7 32. e4 Ke6 33. f3
Be7 34. Kf1 Ra8 35. Ke2 Ra7 36. Be3 Rc7 37. f4 Rc8 38. Kf3 Rc6 39. h3 c4 40.
bxc4 bxc4 41. Bd4 g6 42. g4 Ba3 43. f5+ gxf5 44. gxf5+ Kf7 45. e5 h5 46. Ke4
Rc8 47. Kd5 Rg8 48. Rxc4 Rd8+ 49. Ke4 Rb8 50. Rc7+ Kg8 51. e6 Bf8 52. f6 h4 53.
Kf5 Rb1 54. Kg6 1-0